000
00304nam a22001337a 4500
008
170810b xxu||||| |||| 00| 0 eng d
020
_a
9783890113159
041
_a
ger
080
_a
004
100
_a
35
101
_a
SHK
245
_a
DATA GROBE BUCH ZU MS-DOS/PC-DOS 4.0
_c
SCHIEB,J
942
_2
udc
_c
BK
999
_c
23177
_d
23177